00410nam a2200121Ia 4500082001900000245010600019260003700125300001000162504003600172650003700208650002500245700001800270 aRR 016.33 RES- 0aResearch in Economics: synopess of doctoral dissertations in economics approves by Lucknow university aLucknowbYash Publicationsc1984 a342p. aIncludes bibliography/Ref. book aEconomics - Bibliography - India aEconomics - Research aShrimal, P.D.